[Event "XXVI. Rhein-Main-Open, Gruppe A"]
[Site "Bad Homburg vor der Höhe"]
[Date "2024.05.28"]
[Round "1"]
[White "Martin, Reiner"]
[Black "Schneider, Till"]
[Result "1-0"]
[WhiteElo "1930"]
[BlackElo "1838"]
[PlyCount "53"]
[EventDate "2024.??.??"]
[WhiteTeam "SC Bad Soden"]
[BlackTeam "SC Brett vorm Kopp Ffm"]

1. d4 e6 2. c4 f5 3. Nc3 Nf6 4. g3 d5 5. Bg2 c6 6. Nh3 Nbd7 7. O-O Qe7 8. f3 h6 9. e4 Qf7 10. cxd5 exd5 11. e5 Be7 12. exf6 Nxf6 13. Bf4 g5 14. Be5 Bd7 15. Rc1 Qg7 16. Nf2 h5 17. Re1 Kf7 18. Qb3 b5 19. Nd3 Rag8 20. Bxf6 Kxf6 21. Ne5 Be8 22. Nd1 f4 23. Nxc6 Bd6 24. Qxd5 Qd7 25. Ne5 Qd8 26. Rc6 Bxc6 27. Qf7# 1-0

[Event "XXVI. Rhein-Main-Open, Gruppe A"]
[Site "Bad Homburg vor der Höhe"]
[Date "2024.05.28"]
[Round "1"]
[White "Mayer, Frank"]
[Black "Oezdemir, Ali Oezden"]
[Result "0-1"]
[WhiteElo "2009"]
[BlackElo "2005"]
[PlyCount "102"]
[EventDate "2024.??.??"]
[WhiteTeam "Wiesbadener SV 1885"]
[BlackTeam "SK Langen"]

1. e4 c5 2. d4 cxd4 3. c3 d5 4. exd5 Qxd5 5. cxd4 Nf6 6. Nc3 Qd6 7. Nf3 g6 8. Nb5 Qd8 9. Bf4 Na6 10. h3 Bg7 11. Be5 O-O 12. Be2 Qa5+ 13. Qd2 Qxd2+ 14. Nxd2 Be6 15. O-O Bd5 16. Bf3 Rfd8 17. a3 Bh6 18. Bxf6 exf6 19. Ne4 Kg7 20. Nbc3 Bc6 21. Rad1 Nc7 22. Rfe1 f5 23. Nc5 Bxf3 24. gxf3 b6 25. Nb3 Rd7 26. a4 Rad8 27. a5 Bg5 28. axb6 axb6 29. Ra1 Bf6 30. Ra7 Ne6 31. Rxd7 Rxd7 32. Ne2 Rc7 33. d5 Nd8 34. Ned4 Rd7 35. Rc1 Rxd5 36. Rc4 Rd6 37. Kf1 Ne6 38. Nxe6+ fxe6 39. Ke2 Bxb2 40. Rc7+ Kf6 41. Rxh7 e5 42. h4 Ba3 43. h5 gxh5 44. Rxh5 Kg6 45. Rh8 Rc6 46. Rb8 Kg5 47. Kd3 Bb4 48. Ke2 Rc2+ 49. Kd1 Rc3 50. Nc1 Bc5 51. Rg8+ Kf6 0-1

[Event "XXVI. Rhein-Main-Open, Gruppe A"]
[Site "Bad Homburg vor der Höhe"]
[Date "2024.05.28"]
[Round "1"]
[White "Minor, Samuel"]
[Black "Dornblueth, Christian"]
[Result "1-0"]
[WhiteElo "2210"]
[BlackElo "1937"]
[PlyCount "75"]
[EventDate "2024.??.??"]
[WhiteTeam "Wiesbadener SV 1885"]
[BlackTeam "SF Heidelberg"]

1. e4 c5 2. Nf3 d6 3. Bb5+ Bd7 4. c4 Nf6 5. Nc3 g6 6. d4 cxd4 7. Nxd4 Bg7 8. O-O O-O 9. b3 Qb6 10. Bxd7 Nbxd7 11. Bb2 Nc5 12. Re1 Rfe8 13. Rb1 a5 14. Ndb5 Qc6 15. Nd5 Nxd5 16. exd5 Qd7 17. Bxg7 Kxg7 18. Qd4+ f6 19. Re3 Rad8 20. Rbe1 e5 21. dxe6 Rxe6 22. Rd1 b6 23. h3 Qe7 24. Rde1 Re5 25. f4 Ne6 26. Qd2 Nxf4 27. Rxe5 Nxh3+ 28. gxh3 dxe5 29. Qe3 Rb8 30. Nc3 Qe6 31. a4 Re8 32. Nd5 Rb8 33. Kg2 Rb7 34. Re2 Qc6 35. Rf2 Rf7 36. Qxb6 Qxb6 37. Nxb6 Rb7 38. c5 1-0

[Event "XXVI. Rhein-Main-Open, Gruppe A"]
[Site "Bad Homburg vor der Höhe"]
[Date "2024.05.28"]
[Round "1"]
[White "Nagel, Matthias"]
[Black "Fucik, Timo"]
[Result "0-1"]
[WhiteElo "1881"]
[BlackElo "1996"]
[PlyCount "70"]
[EventDate "2024.??.??"]
[WhiteTeam "SV 1920 Kelsterbach"]
[BlackTeam "SK 1926 Ettlingen"]

1. Nf3 d5 2. c4 c6 3. e3 Nf6 4. b3 Bf5 5. Bb2 e6 6. Nc3 h6 7. Be2 Nbd7 8. h3 Nc5 9. d4 Nce4 10. Nd2 Bd6 11. a3 O-O 12. Ndxe4 Nxe4 13. Nxe4 Bxe4 14. Bd3 f5 15. c5 Bc7 16. f3 Qh4+ 17. Ke2 Rae8 18. Bxe4 fxe4 19. f4 Qg3 20. Qg1 Rxf4 21. Rf1 Rxf1 22. Qxf1 Rf8 23. Qg1 e5 24. h4 exd4 25. Bxd4 Qg4+ 26. Kd2 Bg3 27. h5 Rf2+ 28. Kc3 a5 29. Qd1 Qf5 30. b4 Be5 31. Kb3 Bxd4 32. Qxd4 Rxg2 33. Ka4 Qc8 34. Kxa5 Ra2 35. Qc3 Rxa3+ 0-1

[Event "XXVI. Rhein-Main-Open, Gruppe A"]
[Site "Bad Homburg vor der Höhe"]
[Date "2024.05.28"]
[Round "1"]
[White "Neuhoff, Ulrich"]
[Black "Moeller, Dustin"]
[Result "0-1"]
[WhiteElo "1893"]
[BlackElo "2182"]
[PlyCount "38"]
[EventDate "2024.??.??"]
[WhiteTeam "SK Bad Homburg 1927"]
[BlackTeam "Preetzer TSV"]

1. Nf3 d5 2. c4 e6 3. g3 Nf6 4. b3 Be7 5. Bg2 O-O 6. O-O c5 7. e3 Nc6 8. Bb2 d4 9. exd4 cxd4 10. Re1 Ne8 11. Ne5 Nxe5 12. Rxe5 f6 13. Re4 e5 14. a3 Bf5 15. Rh4 g5 16. Rh6 Nd6 17. Bd5+ Kg7 18. Rh5 Qd7 19. Bf3 Bg6 0-1

[Event "XXVI. Rhein-Main-Open, Gruppe A"]
[Site "Bad Homburg vor der Höhe"]
[Date "2024.05.28"]
[Round "1"]
[White "Nickel, Jonas"]
[Black "Papadopoulos, Ioannis"]
[Result "0-1"]
[WhiteElo "1908"]
[BlackElo "2198"]
[PlyCount "82"]
[EventDate "2024.??.??"]
[WhiteTeam "Schachdr. Büdingen-Wächtersbach"]
[BlackTeam "SV Oberursel"]

1. e4 c5 2. Nf3 e6 3. d4 cxd4 4. Nxd4 Nc6 5. Be3 Nf6 6. Nxc6 bxc6 7. Bd3 Rb8 8. Qc1 Qc7 9. h3 d5 10. Nd2 Bd6 11. O-O Bf4 12. Bxf4 Qxf4 13. Re1 O-O 14. c3 Rd8 15. Qc2 h6 16. e5 Nd7 17. g3 Qg5 18. Kh2 c5 19. f4 Qe7 20. Rad1 Bb7 21. Bf1 Nf8 22. Bd3 Ba8 23. b3 Qb7 24. Re2 a5 25. Rf2 Qa7 26. Rdf1 g6 27. g4 Qc7 28. Re1 Rbc8 29. c4 Bb7 30. Re3 Rd7 31. Bf1 Rcd8 32. Rd3 g5 33. Re3 d4 34. Re1 d3 35. Qc3 gxf4 36. Rxf4 Ng6 37. Rf2 Rd4 38. Re3 Nxe5 39. Rg3 Ng6 40. Bg2 Bxg2 41. Kxg2 Nf4+ 0-1

[Event "XXVI. Rhein-Main-Open, Gruppe A"]
[Site "Bad Homburg vor der Höhe"]
[Date "2024.05.28"]
[Round "1"]
[White "Nothnagel, Marian Can"]
[Black "Sreeramulu, Aarush"]
[Result "1-0"]
[WhiteElo "2393"]
[BlackElo "1887"]
[PlyCount "69"]
[EventDate "2024.??.??"]
[WhiteTeam "SK Bickenbach"]
[BlackTeam "SK Marburg 1931/72"]

1. e4 c6 2. d4 d5 3. e5 Bf5 4. h4 h5 5. Bd3 Bxd3 6. Qxd3 e6 7. Nf3 c5 8. dxc5 Bxc5 9. c4 Ne7 10. Nc3 Nbc6 11. O-O O-O 12. cxd5 Nxd5 13. Ne4 Be7 14. Neg5 Bxg5 15. Nxg5 g6 16. Nxe6 Nxe5 17. Qh3 Qd7 18. Nxf8 Qxh3 19. gxh3 Nf3+ 20. Kh1 Rxf8 21. Rd1 Nf6 22. Rd3 Ne5 23. Rd4 Nc6 24. Rd1 Re8 25. Be3 Nb4 26. Bxa7 Re2 27. Re1 Rc2 28. Rac1 Rd2 29. Red1 Re2 30. Rd8+ Kg7 31. Bd4 Nc6 32. Rxc6 bxc6 33. Rd6 Re6 34. Rxe6 fxe6 35. Bxf6+ 1-0

[Event "XXVI. Rhein-Main-Open, Gruppe A"]
[Site "Bad Homburg vor der Höhe"]
[Date "2024.05.28"]
[Round "1"]
[White "Novak, Volker"]
[Black "Falkenhainer, Sven"]
[Result "1/2-1/2"]
[WhiteElo "2125"]
[BlackElo "1843"]
[PlyCount "70"]
[EventDate "2024.??.??"]
[WhiteTeam "SK Bad Homburg 1927"]
[BlackTeam "SC Bergen-Enkheim 1922"]

1. Nf3 e6 2. c4 d5 3. g3 Nf6 4. Bg2 Be7 5. O-O O-O 6. d4 b6 7. Nc3 Bb7 8. Ne5 c6 9. Bf4 Nbd7 10. cxd5 Nxd5 11. Nxd5 cxd5 12. Qa4 Nxe5 13. Bxe5 Bd6 14. Bxd6 Qxd6 15. Rfc1 a6 16. Rc3 Rfc8 17. Rac1 g6 18. e3 Kg7 19. Bf1 b5 20. Qa5 Rxc3 21. Rxc3 Rc8 22. Rxc8 Bxc8 23. Qc3 Bb7 24. b4 Qc6 25. Qc5 Qxc5 26. dxc5 f6 27. f4 Kf7 28. Kf2 e5 29. Bh3 Ke7 30. Bg4 f5 31. Bd1 Ke6 32. Bb3 h5 33. h3 Kf6 34. a3 g5 35. h4 g4 1/2-1/2

[Event "XXVI. Rhein-Main-Open, Gruppe A"]
[Site "Bad Homburg vor der Höhe"]
[Date "2024.05.28"]
[Round "1"]
[White "Pichl, Michael"]
[Black "Marschner, Thomas"]
[Result "0-1"]
[WhiteElo "1860"]
[BlackElo "1965"]
[PlyCount "64"]
[EventDate "2024.??.??"]
[WhiteTeam "SV Empor Erfurt"]
[BlackTeam "SVG Eppstein 1932"]

1. g3 Nf6 2. Bg2 g6 3. e4 d6 4. Ne2 Bg7 5. O-O e5 6. h3 O-O 7. d3 c6 8. Kh2 d5 9. Nd2 Na6 10. a3 Nc7 11. f4 exf4 12. gxf4 Qe7 13. Qe1 Bd7 14. Qf2 b6 15. Ng3 h5 16. f5 h4 17. Ne2 Nh5 18. Kh1 gxf5 19. exf5 Qxe2 20. Qxh4 Bf6 21. Rg1 Bxh4 22. Bf3+ Ng3+ 23. Rxg3+ Bxg3 24. Bxe2 Bxf5 25. Nb3 Rfe8 26. Nd4 Bxh3 27. Bd2 Bf2 28. Bc3 Bxd4 29. Bxd4 Rxe2 30. Rg1+ Kh7 31. Rg7+ Kh6 32. Rxf7 Ne6 0-1

[Event "XXVI. Rhein-Main-Open, Gruppe A"]
[Site "Bad Homburg vor der Höhe"]
[Date "2024.05.28"]
[Round "1"]
[White "Ploder, Udo"]
[Black "Milov, Leonid"]
[Result "0-1"]
[WhiteElo "1936"]
[BlackElo "2424"]
[PlyCount "82"]
[EventDate "2024.??.??"]
[WhiteTeam "SF Braunfels"]
[BlackTeam "SC Noris-Tarrasch Nürnberg 1873"]

1. e4 c5 2. Nf3 e6 3. d4 cxd4 4. Nxd4 Nc6 5. Nc3 Qc7 6. Be3 a6 7. g4 b5 8. Nxc6 Qxc6 9. Qd2 b4 10. Ne2 Qxe4 11. Rg1 Qc4 12. Nf4 Qc7 13. O-O-O Nf6 14. Nh5 Bb7 15. Nxf6+ gxf6 16. g5 f5 17. Bf4 Qc6 18. Be5 Rg8 19. Bf6 a5 20. Rg3 Bg7 21. Bxg7 Rxg7 22. Qd4 Rg8 23. Kb1 Rc8 24. Bd3 Ba6 25. f4 Bxd3 26. Qxd3 d5 27. Qd2 Ke7 28. Rh3 Qc5 29. Rxh7 Rh8 30. Rxh8 Rxh8 31. Re1 Rh4 32. b3 Qc3 33. Qf2 Rxf4 34. Rxe6+ Kxe6 35. Qxf4 Qe1+ 36. Kb2 Qe5+ 37. Qxe5+ Kxe5 38. c4 dxc4 39. bxc4 f4 40. Kc2 f3 41. Kd3 a4 0-1

[Event "XXVI. Rhein-Main-Open, Gruppe A"]
[Site "Bad Homburg vor der Höhe"]
[Date "2024.05.28"]
[Round "1"]
[White "Poetsch, Hagen"]
[Black "von Wahden, Jens"]
[Result "1-0"]
[WhiteElo "2462"]
[BlackElo "1930"]
[PlyCount "55"]
[EventDate "2024.??.??"]
[WhiteTeam "SC Heusenstamm"]
[BlackTeam "SV Oberursel"]

1. e4 e6 2. d4 d5 3. Nc3 Nf6 4. e5 Nfd7 5. f4 c5 6. Nf3 Nc6 7. Be3 Be7 8. a3 cxd4 9. Nxd4 O-O 10. Qd2 a6 11. Be2 Nxd4 12. Bxd4 Qc7 13. O-O f6 14. exf6 Nxf6 15. Na4 Ne4 16. Qe3 Qxc2 17. Nb6 Rb8 18. Rfc1 Qd2 19. Qxd2 Nxd2 20. Be5 Nb3 21. Bxb8 Nxa1 22. Nxc8 Bf6 23. Be5 Bxe5 24. fxe5 Nb3 25. Rc7 Nd4 26. Bd3 Rf7 27. Rxf7 Kxf7 28. Nd6+ 1-0

[Event "XXVI. Rhein-Main-Open, Gruppe A"]
[Site "Bad Homburg vor der Höhe"]
[Date "2024.05.28"]
[Round "1"]
[White "Sassmannshausen, Mark"]
[Black "Wanie, Karsten"]
[Result "0-1"]
[WhiteElo "1939"]
[BlackElo "2023"]
[PlyCount "138"]
[EventDate "2024.??.??"]
[WhiteTeam "SV Oberursel"]
[BlackTeam "SC Matt im Park Ffm"]

1. e4 c6 2. d4 d5 3. exd5 cxd5 4. Bd3 Nc6 5. c3 Nf6 6. h3 g6 7. Nf3 Bf5 8. Be2 Qc7 9. Nbd2 Bg7 10. O-O O-O 11. Re1 a6 12. a4 Rfe8 13. Nf1 Ne4 14. Be3 Rab8 15. Qc1 b5 16. axb5 axb5 17. Bf4 e5 18. Nxe5 Nxe5 19. Bxe5 Bxe5 20. dxe5 Qxe5 21. Bg4 Bxg4 22. hxg4 Qf6 23. Qe3 b4 24. Qd4 Qxd4 25. cxd4 Nd6 26. Rxe8+ Rxe8 27. Ne3 Re4 28. Rd1 b3 29. Rd3 Nc4 30. Nxd5 Kg7 31. f3 Nxb2 32. fxe4 Nxd3 33. Kf1 b2 34. Nc3 Kf6 35. g3 Kg5 36. Ke2 Nc1+ 37. Kd1 Nb3 38. d5 Nc5 39. Kc2 b1=Q+ 40. Kxb1 Kxg4 41. d6 Kxg3 42. Kc2 h5 43. Kd2 Kf2 44. Nd1+ Kf3 45. e5 h4 46. Ke1 Nd3+ 47. Kf1 Nxe5 48. Nf2 Nd7 49. Nh3 f6 50. Kg1 g5 51. Kh1 Ke4 52. Kg2 Ke5 53. Kf3 Kxd6 54. Nf2 Ne5+ 55. Kg2 Ke6 56. Ne4 Kf5 57. Nd6+ Kg6 58. Nc8 g4 59. Ne7+ Kg5 60. Nd5 f5 61. Ne3 f4 62. Nf1 f3+ 63. Kh1 Kf4 64. Kg1 Nc4 65. Kf2 g3+ 66. Kg1 h3 67. Kh1 g2+ 68. Kh2 gxf1=R 69. Kxh3 Rh1# 0-1

[Event "XXVI. Rhein-Main-Open, Gruppe A"]
[Site "Bad Homburg vor der Höhe"]
[Date "2024.05.28"]
[Round "1"]
[White "Schmidt, Markus"]
[Black "Mandalka, Justus"]
[Result "0-1"]
[WhiteElo "2137"]
[BlackElo "1837"]
[PlyCount "68"]
[EventDate "2024.??.??"]
[WhiteTeam "SK Niederbrechen 1948"]
[BlackTeam "SK Bad Homburg 1927"]

1. d4 d5 2. Nf3 e6 3. c4 c5 4. e3 Nc6 5. Nc3 Nf6 6. a3 a6 7. dxc5 Bxc5 8. b4 Bb6 9. Be2 O-O 10. O-O dxc4 11. Bxc4 Qe7 12. Bb2 Rd8 13. Qb3 Bd7 14. Rfd1 h6 15. Rac1 Rac8 16. h3 Ba7 17. e4 b5 18. Bf1 e5 19. Nd5 Qe6 20. Bd3 Nd4 21. Bxd4 exd4 22. Nd2 Bc6 23. Nxf6+ Qxf6 24. Qb1 Bd7 25. Nb3 Qg5 26. Kf1 Be6 27. Na5 Bd7 28. Nb7 Rf8 29. Nd6 Rc3 30. Qb2 Qf4 31. Nf5 Bxf5 32. exf5 Qh2 33. Be4 Re8 34. Qe2 Qh1# 0-1

[Event "XXVI. Rhein-Main-Open, Gruppe A"]
[Site "Bad Homburg vor der Höhe"]
[Date "2024.05.28"]
[Round "1"]
[White "Schmitt, Carsten"]
[Black "Krause, Jonah"]
[Result "0-1"]
[WhiteElo "1947"]
[BlackElo "2345"]
[PlyCount "78"]
[EventDate "2024.??.??"]
[WhiteTeam "SV Bergwinkel"]
[BlackTeam "FC ST.Pauli 1910 eV SAbt"]

1. c4 g6 2. g3 Bg7 3. Bg2 c5 4. Nc3 Nc6 5. a3 b6 6. d3 Bb7 7. e4 d6 8. Nge2 e6 9. O-O Nge7 10. Rb1 O-O 11. Be3 Nd4 12. b4 Qd7 13. Qd2 Rab8 14. Bh6 f5 15. Bxg7 Kxg7 16. b5 fxe4 17. dxe4 e5 18. h3 a6 19. a4 axb5 20. axb5 Ra8 21. Qb2 Rf7 22. Kh2 Raf8 23. Ng1 Qe6 24. Nd5 Nxd5 25. exd5 Qe7 26. Rbe1 Qg5 27. Ne2 Nf3+ 28. Bxf3 Rxf3 29. Ng1 Rd3 30. Ne2 Kg8 31. f4 exf4 32. Nxf4 Qxg3+ 33. Kh1 Rf3 34. Rxf3 Qxe1+ 35. Kg2 Qe4 36. Qe2 Rxf4 37. Qxe4 Rxe4 38. Rf6 Rxc4 39. Rxd6 Rf4 0-1

[Event "XXVI. Rhein-Main-Open, Gruppe A"]
[Site "Bad Homburg vor der Höhe"]
[Date "2024.05.28"]
[Round "1"]
[White "Schmitt, Hans Walter"]
[Black "Drill, Frank"]
[Result "1/2-1/2"]
[WhiteElo "2028"]
[BlackElo "2013"]
[PlyCount "31"]
[EventDate "2024.??.??"]
[WhiteTeam "SC Bad Soden"]
[BlackTeam "SF Neuberg"]

1. d4 d6 2. Nc3 Nf6 3. Bf4 c6 4. e4 Qa5 5. Bd3 e5 6. dxe5 dxe5 7. Bd2 Qc7 8. Nge2 Bc5 9. O-O b5 10. Qe1 h6 11. h3 Qe7 12. a3 Be6 13. Nd1 Nbd7 14. b4 Bb6 15. a4 bxa4 16. Rxa4 1/2-1/2

[Event "XXVI. Rhein-Main-Open, Gruppe A"]
[Site "Bad Homburg vor der Höhe"]
[Date "2024.05.28"]
[Round "1"]
[White "Schroeder, Juergen"]
[Black "Kretner, Georg Ulrich"]
[Result "1-0"]
[WhiteElo "2017"]
[BlackElo "1886"]
[PlyCount "53"]
[EventDate "2024.??.??"]
[WhiteTeam "SC Matt im Park Ffm"]
[BlackTeam "SC Bad Nauheim"]

1. e4 d6 2. d4 Nf6 3. Nc3 g6 4. Nf3 Bg7 5. h3 O-O 6. Be3 c6 7. a4 b6 8. Be2 Bb7 9. O-O Nbd7 10. Qd3 e5 11. Rad1 Re8 12. dxe5 dxe5 13. Qc4 a5 14. Qb3 h6 15. Nd2 Rb8 16. Nc4 b5 17. Nd6 Re6 18. Ba7 b4 19. Nb1 Ra8 20. Nxb7 Qc7 21. Nc5 Qxa7 22. Nxe6 fxe6 23. Qxe6+ Kh7 24. Qxc6 Nc5 25. Nd2 Nh5 26. Bxh5 gxh5 27. Nc4 1-0

[Event "XXVI. Rhein-Main-Open, Gruppe A"]
[Site "Bad Homburg vor der Höhe"]
[Date "2024.05.28"]
[Round "1"]
[White "Schultze, Joerg Martin"]
[Black "Dubiel, Jacek"]
[Result "1/2-1/2"]
[WhiteElo "1936"]
[BlackElo "2367"]
[PlyCount "46"]
[EventDate "2024.??.??"]
[WhiteTeam "SF Braunfels"]
[BlackTeam "SV Oberursel"]

1. d4 Nf6 2. c4 e6 3. Nc3 Bb4 4. f3 c5 5. d5 b5 6. e4 O-O 7. Bg5 Re8 8. Be2 h6 9. Bh4 bxc4 10. Nh3 exd5 11. O-O g5 12. Bg3 d4 13. f4 dxc3 14. fxg5 cxb2 15. Rb1 hxg5 16. Nxg5 d5 17. Bh5 dxe4 18. Nxe4 Bc3 19. Bxf7+ Kxf7 20. Qh5+ Kg7 21. Qg5+ Kf7 22. Qh5+ Kg7 23. Qg5+ Kf7 1/2-1/2

[Event "XXVI. Rhein-Main-Open, Gruppe A"]
[Site "Bad Homburg vor der Höhe"]
[Date "2024.05.28"]
[Round "1"]
[White "Shanawaz Thabrez, Shahzaib"]
[Black "Gries, Volker"]
[Result "1/2-1/2"]
[WhiteElo "1822"]
[BlackElo "2064"]
[PlyCount "44"]
[EventDate "2024.??.??"]
[WhiteTeam "SK Langen"]
[BlackTeam "SV Oberursel"]

1. e4 e5 2. Nf3 Nf6 3. Nc3 Nc6 4. Bb5 Bc5 5. Nxe5 Nxe5 6. d4 Bb4 7. dxe5 Nxe4 8. Qg4 Nxc3 9. Qxb4 Nxb5 10. Qxb5 O-O 11. O-O d6 12. Rd1 c6 13. Qb3 d5 14. Qg3 Kh8 15. Bg5 Qb6 16. b3 Bf5 17. Be3 Qc7 18. Rd4 Rae8 19. Bf4 Re6 20. c4 Rg6 21. Qc3 Qe7 22. Rad1 h6 1/2-1/2

[Event "XXVI. Rhein-Main-Open, Gruppe A"]
[Site "Bad Homburg vor der Höhe"]
[Date "2024.05.28"]
[Round "1"]
[White "Soppa, Christoph"]
[Black "Neukirchner, Pascal"]
[Result "0-1"]
[WhiteElo "1949"]
[BlackElo "2212"]
[PlyCount "54"]
[EventDate "2024.??.??"]
[WhiteTeam "SSG Hungen-Lich"]
[BlackTeam "SK Gründau"]

1. d4 Nf6 2. Nf3 c5 3. d5 b5 4. a4 b4 5. c4 g6 6. b3 Bg7 7. Bb2 O-O 8. g3 e6 9. dxe6 dxe6 10. Qxd8 Rxd8 11. Nbd2 Bb7 12. Bg2 Nc6 13. O-O Na5 14. Rfd1 Ne4 15. Bxg7 Kxg7 16. Nxe4 Bxe4 17. Nd2 Bxg2 18. Kxg2 Rxd2 19. Rxd2 Nxb3 20. Rad1 Nxd2 21. Rxd2 Kf6 22. Kf3 Ke7 23. Ke3 Rd8 24. Ra2 Rd4 25. Rc2 Rd1 26. Ra2 a5 27. h4 h5 0-1

[Event "XXVI. Rhein-Main-Open, Gruppe A"]
[Site "Bad Homburg vor der Höhe"]
[Date "2024.05.28"]
[Round "1"]
[White "Steigleder, Maximilian"]
[Black "Schmidt, Kai Uwe"]
[Result "0-1"]
[WhiteElo "1718"]
[BlackElo "2001"]
[PlyCount "68"]
[EventDate "2024.??.??"]
[WhiteTeam "Sfr.1932 Kelkheim"]
[BlackTeam "SC Pirmasens 1912"]

1. e4 c5 2. c3 Nf6 3. e5 Nd5 4. d4 cxd4 5. Nf3 Nc6 6. Bc4 Nb6 7. Bb3 d5 8. exd6 Qxd6 9. Nxd4 Nxd4 10. cxd4 Be6 11. Nc3 Bxb3 12. Qxb3 e6 13. Be3 a6 14. O-O Qb4 15. Rfd1 Qxb3 16. axb3 Rd8 17. d5 Nxd5 18. Nxd5 exd5 19. Ra5 Be7 20. Raxd5 Rxd5 21. Rxd5 Bf6 22. Bd4 Bxd4 23. Rxd4 Ke7 24. Kf1 Rc8 25. Rc4 Rxc4 26. bxc4 Kd6 27. Ke2 Kc5 28. Kd3 Kb4 29. Kd4 a5 30. Kd5 a4 31. Kd6 Kxc4 32. Kc7 b5 33. Kb6 b4 34. Ka5 a3 0-1

[Event "XXVI. Rhein-Main-Open, Gruppe A"]
[Site "Bad Homburg vor der Höhe"]
[Date "2024.05.28"]
[Round "1"]
[White "Streit, Juergen"]
[Black "Giel, Olaf"]
[Result "0-1"]
[WhiteElo "1884"]
[BlackElo "2083"]
[PlyCount "56"]
[EventDate "2024.??.??"]
[WhiteTeam "Schachzirk. Elstertal Langenberg"]
[BlackTeam "SF Bremer Osten Bgh. Mahndorf"]

1. e4 c5 2. Nf3 d6 3. d4 cxd4 4. Qxd4 Nc6 5. Bb5 Bd7 6. Bxc6 Bxc6 7. Nc3 e6 8. O-O Qc7 9. Bg5 f6 10. Bh4 h5 11. Bg3 e5 12. Qc4 Qf7 13. Nd5 g5 14. h4 g4 15. Nd2 f5 16. Rad1 f4 17. Bh2 Nf6 18. Nb3 Nxd5 19. exd5 Rc8 20. Rfe1 Be7 21. c3 Bd7 22. Qb4 b6 23. Re4 O-O 24. Rde1 Bf5 25. R4e2 Bd3 26. Rd2 Bc4 27. Rdd1 Bxd5 28. Bxf4 Bxb3 0-1

[Event "XXVI. Rhein-Main-Open, Gruppe A"]
[Site "Bad Homburg vor der Höhe"]
[Date "2024.05.28"]
[Round "1"]
[White "Thomas, Tobias"]
[Black "Schulze, Manfred"]
[Result "1-0"]
[WhiteElo "1967"]
[BlackElo "1887"]
[PlyCount "83"]
[EventDate "2024.??.??"]
[WhiteTeam "SK Langen"]
[BlackTeam "SC Steinbach"]

1. e4 e5 2. Nf3 Nf6 3. Nc3 Bb4 4. Nxe5 O-O 5. Be2 Re8 6. Nd3 Bxc3 7. dxc3 Nxe4 8. Nf4 d6 9. O-O Nc6 10. c4 Bd7 11. f3 Nf6 12. Rf2 Bf5 13. Bf1 h6 14. b3 Ne7 15. Bb2 Ng6 16. Nd5 Nh7 17. Qd4 f6 18. Rd1 Ne5 19. Rfd2 Nf8 20. Ne3 Bc8 21. c5 Nc6 22. Qc3 Qe7 23. Nd5 Qf7 24. cxd6 cxd6 25. Nf4 Ne5 26. Rxd6 Kh8 27. Nd3 Nfg6 28. Nxe5 Nxe5 29. Rd8 Be6 30. Rxa8 Rxa8 31. Qc5 Rc8 32. Qf2 Ng6 33. c4 Nf4 34. Bc1 Ng6 35. Qxa7 Bf5 36. Qa5 Ne7 37. Rd8+ Rxd8 38. Qxd8+ Kh7 39. Bd3 Qe6 40. Bxf5+ Nxf5 41. Kf1 Qe5 42. Qd5 1-0

[Event "XXVI. Rhein-Main-Open, Gruppe A"]
[Site "Bad Homburg vor der Höhe"]
[Date "2024.05.28"]
[Round "1"]
[White "Uneken, Bert"]
[Black "Baranyai Molnar, Adam Kristof"]
[Result "0-1"]
[WhiteElo "1837"]
[BlackElo "2056"]
[PlyCount "90"]
[EventDate "2024.??.??"]
[BlackTeam "SF Neuberg"]

1. d4 f5 2. e4 fxe4 3. f3 Nf6 4. fxe4 Nxe4 5. Bd3 Nf6 6. Bg5 e6 7. Nd2 Be7 8. Nh3 O-O 9. O-O Qe8 10. Ne4 Nxe4 11. Rxf8+ Bxf8 12. Bxe4 d5 13. Bd3 e5 14. dxe5 Bxh3 15. gxh3 Qxe5 16. Qg4 Nc6 17. Bf4 Qd4+ 18. Kh1 Bd6 19. Qe6+ Kh8 20. Bxd6 cxd6 21. Qxd6 Ne5 22. Rf1 Rg8 23. Rf8 Nxd3 24. cxd3 Qxd3 25. Rxg8+ Kxg8 26. Qb8+ Kf7 27. Qxb7+ Kf6 28. Kg2 Qe2+ 29. Kg3 d4 30. Qxa7 Qxb2 31. a4 Qc3+ 32. Kf2 Qe3+ 33. Kf1 Qxh3+ 34. Ke1 Qc3+ 35. Kd1 d3 36. Qf2+ Kg6 37. Qa2 Qd4 38. Qe6+ Kg5 39. Kd2 Qxa4 40. Qe5+ Kh6 41. Kxd3 Qd1+ 42. Kc4 Qc2+ 43. Kd5 Qd3+ 44. Ke6 Qg6+ 45. Ke7 Qg5+ 0-1

[Event "XXVI. Rhein-Main-Open, Gruppe A"]
[Site "Bad Homburg vor der Höhe"]
[Date "2024.05.28"]
[Round "1"]
[White "von Auer, Ulrich"]
[Black "Olson, Philip Christoph"]
[Result "1-0"]
[WhiteElo "1981"]
[BlackElo "1792"]
[PlyCount "57"]
[EventDate "2024.??.??"]
[WhiteTeam "SV Oberursel"]
[BlackTeam "SC Bad Nauheim"]

1. Nf3 Nf6 2. c4 e6 3. g3 b6 4. Bg2 Bb7 5. O-O Be7 6. b3 O-O 7. Bb2 d6 8. d4 Nbd7 9. Nc3 Ne4 10. Qd3 f5 11. Ne1 Ndf6 12. d5 Nxc3 13. Bxc3 Qc8 14. dxe6 Ne4 15. Bd4 Qxe6 16. Nc2 Nc5 17. Qe3 Bxg2 18. Kxg2 Ne4 19. Rad1 Rad8 20. Ba1 d5 21. f3 Bg5 22. Qd4 Bf6 23. cxd5 Qd6 24. Qc4 Nc5 25. Bxf6 Rxf6 26. b4 Nd7 27. e4 Ne5 28. Qc3 Rdf8 29. f4 1-0

[Event "XXVI. Rhein-Main-Open, Gruppe A"]
[Site "Bad Homburg vor der Höhe"]
[Date "2024.05.29"]
[Round "2"]
[White "Baranyai Molnar, Adam Kristof"]
[Black "Hornung, Thomas"]
[Result "1-0"]
[WhiteElo "2056"]
[BlackElo "2031"]
[PlyCount "49"]
[EventDate "2024.??.??"]
[WhiteTeam "SF Neuberg"]
[BlackTeam "SK Eberstadt 1924"]

1. e4 c6 2. d4 d5 3. f3 dxe4 4. fxe4 e5 5. Nf3 Bg4 6. c3 Nd7 7. Be2 Bd6 8. Nbd2 Bxf3 9. Bxf3 Qh4+ 10. g3 Qe7 11. Nc4 Bc7 12. O-O Ngf6 13. Ne3 g6 14. Qb3 Rb8 15. Ng4 Nxg4 16. Bxg4 h6 17. Bxd7+ Qxd7 18. Be3 b6 19. Rf3 Rh7 20. Raf1 h5 21. Rf6 h4 22. Rxg6 hxg3 23. Rg8+ Ke7 24. Bg5+ Kd6 25. Rf6+ 1-0

[Event "XXVI. Rhein-Main-Open, Gruppe A"]
[Site "Bad Homburg vor der Höhe"]
[Date "2024.05.29"]
[Round "2"]
[White "Calvi, Stefan"]
[Black "Lesny, Florian"]
[Result "1/2-1/2"]
[WhiteElo "1971"]
[BlackElo "2227"]
[PlyCount "75"]
[EventDate "2024.??.??"]
[WhiteTeam "SV Oberursel"]
[BlackTeam "SK Bad Homburg 1927"]

1. e4 c5 2. c3 Nf6 3. e5 Nd5 4. d4 cxd4 5. Nf3 d6 6. Bc4 Nb6 7. Bb3 Nc6 8. exd6 Qxd6 9. O-O Be6 10. Na3 dxc3 11. Qxd6 exd6 12. Nb5 Rc8 13. Re1 Be7 14. bxc3 a6 15. Nbd4 Nxd4 16. Nxd4 Bxb3 17. axb3 Kd7 18. c4 Bf6 19. Be3 Kc7 20. Rad1 Rcd8 21. Nf5 Nc8 22. Bf4 Kc6 23. f3 g6 24. Ne3 Bc3 25. Re2 Rhe8 26. Kf1 Nb6 27. Bg5 f6 28. Bh4 h5 29. Rd3 Be5 30. h3 Rc8 31. Bf2 f5 32. Nc2 Nd7 33. f4 Bf6 34. Nb4+ Kc7 35. Nd5+ Kb8 36. Nxf6 Nxf6 37. Rxd6 Rxe2 38. Kxe2 1/2-1/2

[Event "XXVI. Rhein-Main-Open, Gruppe A"]
[Site "Bad Homburg vor der Höhe"]
[Date "2024.05.29"]
[Round "2"]
[White "Diedrichs, Ralf Christian"]
[Black "Lindam, Ingo"]
[Result "1-0"]
[WhiteElo "1932"]
[BlackElo "2180"]
[PlyCount "79"]
[EventDate "2024.??.??"]
[WhiteTeam "SG Holzminden"]
[BlackTeam "SC Hilchenbach"]

1. e4 c5 2. c3 Nf6 3. e5 Nd5 4. d4 cxd4 5. Nf3 e6 6. cxd4 d6 7. Nc3 Nxc3 8. bxc3 Qc7 9. Bd2 Nd7 10. exd6 Bxd6 11. Bd3 b6 12. O-O Bb7 13. Qe2 O-O 14. Rfe1 Bf4 15. Ne5 Bxd2 16. Qxd2 Nf6 17. Re3 Rac8 18. Rae1 g6 19. Bb1 Nd5 20. Rh3 f5 21. c4 Nf6 22. Qb2 Rcd8 23. Rd3 Rfe8 24. Rdd1 Nd7 25. Nxd7 Rxd7 26. Rc1 Red8 27. Rxe6 Rxd4 28. Re8+ Rxe8 29. Qxd4 Qe5 30. Qxe5 Rxe5 31. Bd3 Kf7 32. Bf1 Ke7 33. f4 Ra5 34. Re1+ Kd6 35. Rd1+ Kc5 36. Rd7 Bc6 37. Rxh7 Rxa2 38. Rg7 Kd4 39. Rxg6 Ke3 40. h4 1-0